00300pab a2200121 454500008004000000100001900040245004200059260000900101300001500110362000800125650001100133773003400144180718b2011 xxu||||| |||| 00| 0 eng d aJojo, Bipin K. aGovernment Ashram schools for tribals c2011 ap.605-616. aOct aTribes aIndian Journal of Social Work